Subdivisions of Belize - Statistics

General Stats
  • This quiz has been taken 63 times
  • The average score is 4 of 6
Answer Stats
Answer % Correct
Belize
100%
Cayo
83%
Corozal
78%
Orange Walk
78%
Stann Creek
56%
Toledo
50%
No matching quizzes found
Score Distribution
Percent of People with Each Score
Percentile by Number Answered
Your Score History
You have not taken this quiz